000 00822nam a22002177a 4500
999 _c1426
_d1426
003 AR-CdUCM
008 190227b ||||| |||| 00| 0 spa d
040 _aMUNICIPALIDAD PROVINCIAL DEL CUSCO
_cBIBLIOTECA MUNICIPAL DEL CUSCO
082 _a352.9 /
_bS18
100 _aSalmon, Raul
_95409
245 _aMunicipalismo y Regionalismo /
_cSalmon, Raul
260 _aLa Paz, Bolivia :
_bUrquizo S.A. ,
_c1981.
300 _a59 paginas :
_c19 cm.
505 _aConferencia Dictada por el Alcalde Municipal de la Paz, Sr. Raul Salmon. El dia jueves 26 de marzo de 1981 en la Escuela de Altos Estudios Nacionales "Eduardo Avaroa"
650 _aRegionalismo.
_95410
650 _aMunicipalismo.
_95411
650 _aGobierno Boliviana.
_95412
700 _aSalmon, Raul
_95409
942 _2ddc
_cLIBROS
945 _artm
_d2019-02-27